Aprender a leer y a escribir con el cuerpo en movimiento / (Registro nro. 32733)
[ vista simple ]
| 000 -CABECERA | |
|---|---|
| campo fijo de control de longitud | 01194nab a2200265 4500 |
| 003 - IDENTIFICADOR DEL NÚMERO DE CONTROL | |
| campo de control | AR-RoBPED |
| 005 - FECHA Y HORADE LA ULTIMA TRANSACCION | |
| campo de control | 20260508090738.0 |
| 008 - ELEMENTOS DE LONGITUD FIJA--INFORMACION GENERAL | |
| campo fijo de control de longitud | 260508b |||||||| |||| 00| 0 spa d |
| 040 ## - FUENTE CATALOGADORA | |
| Centro catalogador/agencia de origen | AR-RoBPED |
| 041 ## - IDIOMA | |
| Código de idioma para texto/pista de sonido o título independiente | spa |
| 100 1# - ENCABEZAMIENTO PRINCIPAL--AUTOR PERSONAL | |
| Nombre de persona | Sabadotto, Lucrecia C. |
| 9 (RLIN) | 29602 |
| Función | Profesora de Educación Física |
| 245 1# - TITULO | |
| Título | Aprender a leer y a escribir con el cuerpo en movimiento / |
| 260 ## - PUBLICACION | |
| Lugar | Buenos Aires : |
| Editor | Noveduc, |
| Fecha | 2023 |
| 300 ## - DESCRIPCION FISICA | |
| Extensión | 33-35 p. |
| 500 ## - NOTA GENERAL | |
| Nota general | La autora da cuenta de los fundamentos y el desarrollo de una experiencia -taller realizada en la Escuela provincial N° 86 "José Manuel Estrada" de la ciudad de Rosario, en donde la propuesta es contribuir el aprendizaje del lenguaje escrito desde el movimiento corporal. |
| 650 #7 - TERMINO DE MATERIA--CONTROLADO | |
| Término controlado | EXPERIENCIA PEDAGOGICA |
| 9 (RLIN) | 3265 |
| Término controlado | APRENDIZAJE DE LA LECTOESCRITURA |
| 9 (RLIN) | 5086 |
| Término controlado | TALLERES ESCOLARES |
| 9 (RLIN) | 370 |
| Término controlado | LENGUAJE ESCRITO |
| 9 (RLIN) | 14592 |
| Término controlado | EXPRESION CORPORAL |
| 9 (RLIN) | 4585 |
| Término controlado | APRENDIZAJE |
| 9 (RLIN) | 560 |
| 773 0# - DOCUMENTO FUENTE | |
| Host Biblionumber | 20414 |
| Host Itemnumber | 41865 |
| Place, publisher, and date of publication | Buenos Aires : Noveduc, 1993- |
| Título | Novedades Educativas |
| Record control number | (AR-RoBPED)20414 |
| International Standard Serial Number | 03283534 |
| 942 ## - ELEMENTOS KOHA | |
| Fuente de clasificación | Universal Decimal Classification |
| Koha tipo de ítem | Revistas |
| Clasificación | 37(05) |
| Signatura librística | Nov 86 N° 390 (Sept.2023) |
| Número Koha | k.32733 |
| 945 ## - PROCESAMIENTO DE LA INFORMACIÓN LOCAL | |
| Catalogador y fecha | mar 05/2026 |
No hay ítems disponibles.